| 000 | 00824 a2200205 4500 | ||
|---|---|---|---|
| 003 | Nust | ||
| 005 | 20221229115856.0 | ||
| 010 | _a34041811 | ||
| 040 | _cNust | ||
| 082 | _a355.02,MIL | ||
| 100 |
_aEdmonds, James Edward, Sir, _9106335 |
||
| 245 |
_aMilitary operations, _bFrance and Belgium, 1914 / _cCompiled by Brigadier-General Sir James E. Edmonds; _hmaps and sketches compiled by Major A. F. Becke |
||
| 250 | _a3rd ed | ||
| 260 |
_aMacmillan and co., Limited _bLondon, _c1933 |
||
| 300 |
_axxix, 590 p _bfront _cmaps _e23 cm |
||
| 505 | _aPart 1:- The Struggle for Achi Baba (Page-3), Part 2:- The August Offensive (Page-127), Part 3:- The Last Phase (Page-333). | ||
| 600 |
_aEdmonds, James Edward, Sir, _9106335 |
||
| 650 |
_aMilitary operations, France and Belgium, 1914 _9106336 |
||
| 942 |
_2ddc _cBK _k355.02,MIL |
||
| 999 |
_c185622 _d185622 |
||